000
00334nam a2200145Ia 4500
008
191201s2009 xx 000 0 und d
082
_a
005.1
_b
SOS
100
_a
SOMMERVILLE, Ian
245
0
_a
Software Engineering
250
_a
imp.
260
_a
N.Delhi
_b
Pearson
_c
2009
300
_a
864
650
_a
B.Tech(IT)
942
_2
ddc
_c
BK
999
_c
3837
_d
3837